000 00709 a2200229 4500
003 Nust
005 20170207154044.0
010 _a 2002032699
020 _a0415259010
040 _cNust
082 0 0 _a004.3
245 0 0 _aInternational encyclopedia of information and library science (E-Book)
_cedited by John Feather and Paul Sturges.
250 _a2nd ed.
260 _aLondon ;
_aNew York :
_bRoutledge,
_c2003.
300 _axxxii, 688 p. :
_bill. ;
_c26 cm.
650 0 _aInformation science
650 0 _aLibrary science
651 _aE-Book
700 1 _aFeather, John.
700 1 _aSturges, R. P.
856 4 2 _3Publisher description
_uhttp://www.loc.gov/catdir/enhancements/fy0650/2002032699-d.html
942 _2ddc
_cBK
999 _c192809
_d192809